Micro-relatos del Cuarto Evangelio: iniciación metodológica a su estudio literario
সংরক্ষণ করুন:
| প্রধান লেখক: | |
|---|---|
| বিন্যাস: | গ্রন্থ |
| ভাষা: | স্প্যানিশ |
| প্রকাশিত: |
Valparaíso, Chile:
Universitarias de Valparaíso,
2009.
|
| সংস্করন: | Primera edición |
| মালা: | Serie Ciencias Religiosas
|
| বিষয়গুলি: | |
| ট্যাগগুলো: |
ট্যাগ যুক্ত করুন
কোনো ট্যাগ নেই, প্রথমজন হিসাবে ট্যাগ করুন!
|
MARC
| LEADER | 00000cam a2200000 a 4500 | ||
|---|---|---|---|
| 001 | UCH9953 | ||
| 003 | CL-VaPUC | ||
| 005 | 20241107130639.0 | ||
| 008 | 100304e20090000CL |||||||||||||||||spa|d | ||
| 999 | |c 339775 |d 339773 | ||
| 020 | |a 9789561704459 | ||
| 040 | |c Pontificia Universidad Católica de Valparaíso | ||
| 082 | 0 | 4 | |a 226.5 HAR 2009 |2 21 |
| 100 | |a Harire Seda, Kamel Mohamed |e autor |9 547895 | ||
| 245 | 1 | 0 | |a Micro-relatos del Cuarto Evangelio: iniciación metodológica a su estudio literario |
| 250 | |a Primera edición | ||
| 260 | 0 | 3 | |a Valparaíso, Chile: |b Universitarias de Valparaíso, |c 2009. |
| 300 | |a 235 páginas | ||
| 490 | 0 | |a Serie Ciencias Religiosas | |
| 500 | |a c.39. Donación Rectoria. Diciembre 2022. | ||
| 583 | |a last modification |c 20120117 09:35:28 |k Rodrigo Vera | ||
| 600 | 0 | |a San Juan Evangelista |9 337229 | |
| 650 | 0 | |a Evangelios |9 314864 | |
| 650 | 0 | |a Crítica literaria |9 269189 | |
| 650 | 0 | |a Interpretación literaria |9 415895 | |
| 650 | 0 | |a Análisis del discurso |9 256696 | |
| 650 | 7 | |a COMENTARIOS COMPUESTOS |2 CL-VaPUC |9 547272 | |
| 650 | 0 | |a Exégesis |9 365279 | |
| 650 | 0 | |a Archivo histórico PUCV |9 255554 | |
| 942 | |c BK |2 ddc | ||
| 945 | |d 20100304 00:00:00 |a cmena | ||
| 952 | |0 0 |1 0 |2 ddc |4 0 |6 226_500000000000000_HAR_2009 |7 0 |8 A |9 433623 |a BIBTEO |b BIBTEO |d 2019-11-22 |i 4642988 |o 226.5 HAR 2009 |p 4642988 |r 2025-01-17 |t 1 |w 2019-11-22 |y BK |k ICR | ||
| 952 | |0 0 |1 0 |2 ddc |4 0 |6 226_500000000000000_HAR_2009 |7 0 |8 A |9 433624 |a BIBTEO |b BIBTEO |d 2019-11-22 |i 4642996 |o 226.5 HAR 2009 |p 4642996 |r 2025-01-17 |t 2 |w 2019-11-22 |y BK |k ICR | ||
| 952 | |0 0 |1 0 |2 ddc |4 0 |6 226_500000000000000_HAR_2009 |7 0 |8 A |9 433625 |a BIBTEO |b BIBTEO |d 2019-11-22 |i 4643003 |o 226.5 HAR 2009 |p 4643003 |r 2025-01-17 |t 3 |w 2019-11-22 |y BK |k ICR | ||
| 952 | |0 0 |1 0 |2 ddc |4 0 |6 226_500000000000000_HAR_2009 |7 0 |8 A |9 433626 |a BIBTEO |b BIBTEO |d 2019-11-22 |i 4643011 |l 4 |m 3 |o 226.5 HAR 2009 |p 4643011 |r 2025-01-17 |s 2024-05-16 |t 4 |w 2019-11-22 |y BK |k ICR | ||
| 952 | |0 0 |1 0 |2 ddc |4 0 |6 226_500000000000000_HAR_2009 |7 0 |8 A |9 433627 |a BIBTEO |b BIBTEO |d 2019-11-22 |i 464302K |o 226.5 HAR 2009 |p 464302K |r 2025-01-17 |t 5 |w 2019-11-22 |y BK |k ICR | ||
| 952 | |0 0 |1 0 |2 ddc |4 0 |6 226_500000000000000_HAR_2009 |7 0 |8 A |9 433628 |a BIBTEO |b BIBTEO |d 2019-11-22 |i 4643038 |o 226.5 HAR 2009 |p 4643038 |r 2025-01-17 |t 6 |w 2019-11-22 |y BK |k ICR | ||
| 952 | |0 0 |1 0 |2 ddc |4 0 |6 226_500000000000000_HAR_2009 |7 0 |8 A |9 433629 |a BIBTEO |b BIBTEO |d 2019-11-22 |i 4643046 |o 226.5 HAR 2009 |p 4643046 |r 2025-01-17 |t 7 |w 2019-11-22 |y BK |k ICR | ||
| 952 | |0 0 |1 0 |2 ddc |4 0 |6 226_500000000000000_HAR_2009 |7 0 |8 A |9 433630 |a BIBTEO |b BIBTEO |d 2019-11-22 |i 4643054 |o 226.5 HAR 2009 |p 4643054 |r 2025-01-17 |t 8 |w 2019-11-22 |y BK |k ICR | ||
| 952 | |0 0 |1 0 |2 ddc |4 0 |6 226_500000000000000_HAR_2009 |7 0 |8 A |9 433631 |a BIBTEO |b BIBTEO |d 2019-11-22 |i 4643062 |o 226.5 HAR 2009 |p 4643062 |r 2025-01-17 |t 9 |w 2019-11-22 |y BK |k ICR | ||
| 952 | |0 0 |1 0 |2 ddc |4 0 |6 226_500000000000000_HAR_2009 |7 0 |8 A |9 433632 |a BIBTEO |b BIBTEO |d 2019-11-22 |i 4643070 |o 226.5 HAR 2009 |p 4643070 |r 2025-01-17 |t 10 |w 2019-11-22 |y BK |k ICR | ||
| 952 | |0 0 |1 0 |2 ddc |4 0 |6 226_500000000000000_HAR_2009 |7 0 |8 A |9 433633 |a BIBTEO |b BIBTEO |d 2019-11-22 |i 4643089 |o 226.5 HAR 2009 |p 4643089 |r 2025-01-17 |t 11 |w 2019-11-22 |y BK |k ICR | ||
| 952 | |0 0 |1 0 |2 ddc |4 0 |6 226_500000000000000_HAR_2009 |7 0 |8 A |9 433634 |a BIBTEO |b BIBTEO |d 2019-11-22 |i 4643097 |o 226.5 HAR 2009 |p 4643097 |r 2025-01-17 |t 12 |w 2019-11-22 |y BK |k ICR | ||
| 952 | |0 0 |1 0 |2 ddc |4 0 |6 226_500000000000000_HAR_2009 |7 0 |8 A |9 433635 |a BIBTEO |b BIBTEO |d 2019-11-22 |i 4643100 |o 226.5 HAR 2009 |p 4643100 |r 2025-01-17 |t 13 |w 2019-11-22 |y BK |k ICR | ||
| 952 | |0 0 |1 0 |2 ddc |4 0 |6 226_500000000000000_HAR_2009 |7 0 |8 A |9 433636 |a BIBTEO |b BIBTEO |d 2019-11-22 |i 4643119 |l 1 |o 226.5 HAR 2009 |p 4643119 |r 2025-03-18 |s 2025-03-11 |t 14 |w 2019-11-22 |y BK |k ICR | ||
| 952 | |0 0 |1 0 |2 ddc |4 0 |6 226_500000000000000_HAR_2009 |7 0 |8 A |9 433637 |a BIBTEO |b BIBTEO |d 2019-11-22 |i 4643127 |o 226.5 HAR 2009 |p 4643127 |r 2025-01-17 |t 15 |w 2019-11-22 |y BK |k ICR | ||
| 952 | |0 0 |1 1 |2 ddc |4 0 |6 226_500000000000000_HAR_2009 |7 0 |8 A |9 433638 |a BIBART |b BIBART |d 2019-11-22 |i 4643135 |o 226.5 HAR 2009 |p 4643135 |r 2019-11-22 |t 16 |w 2019-11-22 |y BK |k ART | ||
| 952 | |0 0 |1 0 |2 ddc |4 0 |6 226_500000000000000_HAR_2009 |7 0 |8 P |9 433639 |a BIBARQ |b BIBARQ |d 2019-11-22 |i 4643143 |o 226.5 HAR 2009 |p 4643143 |r 2025-01-20 |t 17 |w 2019-11-22 |y BK |k ARQ | ||
| 952 | |0 0 |1 0 |2 ddc |4 0 |6 226_500000000000000_HAR_2009 |7 0 |8 A |9 433640 |a FDOPOS |b FDOPOS |d 2019-11-22 |i 4643151 |o 226.5 HAR 2009 |p 4643151 |r 2025-01-22 |t 18 |w 2019-11-22 |y BK |k DLH | ||
| 952 | |0 0 |1 0 |2 ddc |4 0 |6 226_500000000000000_HAR_2009 |7 0 |8 A |9 433641 |a FDOPOS |b FDOPOS |d 2019-11-22 |i 464316K |o 226.5 HAR 2009 |p 464316K |r 2025-01-22 |t 19 |w 2019-11-22 |y BK |k DLH | ||
| 952 | |0 0 |1 0 |2 ddc |4 0 |6 226_500000000000000_HAR_2009 |7 0 |8 A |9 433642 |a BIBEDU |b BIBEDU |d 2019-11-22 |i 4643178 |o 226.5 HAR 2009 |p 4643178 |r 2019-11-22 |t 20 |w 2019-11-22 |y BK |k LIT | ||
| 952 | |0 0 |1 0 |2 ddc |4 0 |6 226_500000000000000_HAR_2009 |7 0 |8 A |9 433643 |a BIBEDU |b BIBEDU |d 2019-11-22 |i 4643186 |o 226.5 HAR 2009 |p 4643186 |r 2019-11-22 |t 21 |w 2019-11-22 |y BK |k LIT | ||
| 952 | |0 0 |1 0 |2 ddc |4 0 |6 226_500000000000000_HAR_2009 |7 0 |8 A |9 433644 |a BIBEDU |b BIBEDU |d 2019-11-22 |i 4643194 |o 226.5 HAR 2009 |p 4643194 |r 2019-11-22 |t 22 |w 2019-11-22 |y BK |k EDU | ||
| 952 | |0 0 |1 0 |2 ddc |4 0 |6 226_500000000000000_HAR_2009 |7 0 |8 A |9 433645 |a BIBTEO |b BIBTEO |d 2019-11-22 |i 4665732 |o 226.5 HAR 2009 |p 4665732 |r 2025-01-17 |t 25 |w 2019-11-22 |y BK |k ICR | ||
| 952 | |0 0 |1 0 |2 ddc |4 0 |6 226_500000000000000_HAR_2009 |7 0 |8 A |9 433646 |a BIBTEO |b BIBTEO |d 2019-11-22 |i 4665740 |o 226.5 HAR 2009 |p 4665740 |r 2025-01-17 |t 26 |w 2019-11-22 |y BK |k ICR | ||
| 952 | |0 0 |1 0 |2 ddc |4 0 |6 226_500000000000000_HAR_2009 |7 0 |8 A |9 433647 |a BIBTEO |b BIBTEO |d 2019-11-22 |i 4665759 |o 226.5 HAR 2009 |p 4665759 |r 2025-01-17 |t 27 |w 2019-11-22 |y BK |k ICR | ||
| 952 | |0 0 |1 0 |2 ddc |4 0 |6 226_500000000000000_HAR_2009 |7 0 |8 A |9 433648 |a BIBTEO |b BIBTEO |d 2019-11-22 |i 4665767 |o 226.5 HAR 2009 |p 4665767 |r 2025-01-17 |t 28 |w 2019-11-22 |y BK |k ICR | ||
| 952 | |0 0 |1 0 |2 ddc |4 0 |6 226_500000000000000_HAR_2009 |7 0 |8 A |9 433649 |a BIBTEO |b BIBTEO |d 2019-11-22 |i 4665775 |o 226.5 HAR 2009 |p 4665775 |r 2025-01-17 |t 29 |w 2019-11-22 |y BK |k ICR | ||
| 952 | |0 0 |1 0 |2 ddc |4 0 |6 226_500000000000000_HAR_2009 |7 0 |8 A |9 433650 |a BIBTEO |b BIBTEO |d 2019-11-22 |i 4665783 |o 226.5 HAR 2009 |p 4665783 |r 2025-01-17 |t 30 |w 2019-11-22 |y BK |k ICR | ||
| 952 | |0 0 |1 0 |2 ddc |4 0 |6 226_500000000000000_HAR_2009 |7 0 |8 A |9 433651 |a BIBTEO |b BIBTEO |d 2019-11-22 |i 4665791 |o 226.5 HAR 2009 |p 4665791 |r 2025-01-17 |t 31 |w 2019-11-22 |y BK |k ICR | ||
| 952 | |0 0 |1 0 |2 ddc |4 0 |6 226_500000000000000_HAR_2009 |7 0 |8 A |9 433652 |a BIBTEO |b BIBTEO |d 2019-11-22 |i 4665805 |l 1 |o 226.5 HAR 2009 |p 4665805 |r 2025-01-17 |s 2024-06-27 |t 32 |w 2019-11-22 |y BK |k ICR | ||
| 952 | |0 0 |1 0 |2 ddc |4 0 |6 226_500000000000000_HAR_2009 |7 0 |8 A |9 433653 |a BIBTEO |b BIBTEO |d 2019-11-22 |i 4665813 |o 226.5 HAR 2009 |p 4665813 |r 2025-01-17 |t 33 |w 2019-11-22 |y BK |k ICR | ||
| 952 | |0 0 |1 0 |2 ddc |4 0 |6 226_500000000000000_HAR_2009 |7 0 |8 A |9 433654 |a BIBTEO |b BIBTEO |d 2019-11-22 |i 4665821 |o 226.5 HAR 2009 |p 4665821 |r 2025-01-17 |t 34 |w 2019-11-22 |y BK |k ICR | ||
| 952 | |0 0 |1 0 |2 ddc |4 0 |6 226_500000000000000_HAR_2009 |7 0 |8 X |9 433655 |a FDOBUD |b FDOBUD |d 2019-11-22 |i 4672623 |o 226.5 HAR 2009 |p 4672623 |r 2019-11-22 |t 35 |w 2019-11-22 |y BK_X |k FHP | ||
| 952 | |0 0 |1 0 |2 ddc |4 0 |6 226_500000000000000_HAR_2009 |7 0 |8 A |9 433656 |a FDOPOS |b FDOPOS |d 2019-11-22 |i 4741765 |o 226.5 HAR 2009 |p 4741765 |r 2025-01-22 |t 36 |w 2019-11-22 |y BK | ||
| 952 | |0 0 |1 0 |2 ddc |4 0 |6 226_500000000000000_HAR_2009 |7 0 |8 A |9 433657 |a BIBING |b BIBING |d 2019-11-22 |i 483688K |o 226.5 HAR 2009 |p 483688K |r 2025-01-20 |t 37 |w 2019-11-22 |y BK |k CUI | ||
| 952 | |0 0 |1 0 |2 ddc |4 0 |6 226_500000000000000_HAR_2009 |7 0 |8 C |9 434596 |a BIBCUR |b BIBCUR |d 2019-11-22 |i 4643208 |o 226.5 HAR 2009 |p 4643208 |r 2025-04-22 |t 23 |w 2019-11-22 |y BK |k CAC | ||
| 952 | |0 0 |1 0 |2 ddc |4 0 |6 226_500000000000000_HAR_2009 |7 0 |8 C |9 434597 |a BIBCUR |b BIBCUR |d 2019-11-22 |i 4643216 |o 226.5 HAR 2009 |p 4643216 |r 2025-04-22 |t 24 |w 2019-11-22 |y BK |k CAC | ||
| 952 | |0 0 |1 0 |2 ddc |3 erb |4 0 |6 226_500000000000000_HAR_2009 |7 0 |8 X |9 434598 |a FDOBUD |b FDOBUD |i 5303001 |o 226.5 HAR 2009 |p 5303001 |r 2019-11-22 |t 38 |w 2019-11-22 |y BK_X |z Catalogado en:20160428 |k FHP | ||
| 952 | |0 0 |1 0 |2 ddc |4 0 |6 226_500000000000000_HAR_2009 |7 0 |8 P |9 588675 |a BIBART |b BIBART |c PAC |d 2023-01-23 |e Donación |i 5656450 |o 226.5 HAR 2009 |p 5656450 |r 2023-01-23 |t 39 |w 2023-01-23 |y BK |k ART | ||